| 000 | 01051nam a22002177a 4500 | ||
|---|---|---|---|
| 003 | OSt | ||
| 005 | 20260511155311.0 | ||
| 008 | 260511b |||||||| |||| 00| 0 eng d | ||
| 020 | _a9780241703779 | ||
| 040 | _aKenya National Library Service | ||
| 082 | _a863.64 MAR | ||
| 100 | _aMarquez, Gabriel Garcia | ||
| 245 |
_aUntil August / _cGabriel Garcia Marquez ; translated from the Spanish by Anne McLean. |
||
| 300 |
_aix, 129 pages ; _c20 cm |
||
| 520 | _aThe novel follows Ana Magdalena Bach, a married woman who travels each year to a Caribbean island to visit her mother’s grave. During one of these annual trips, Ana begins an unexpected romantic encounter that awakens new emotions and desires within her. As the years pass, the journeys become moments of reflection, freedom, and self-discovery, leading her to question marriage, identity, aging, and personal fulfillment. | ||
| 650 | _aSpanish fiction | ||
| 700 |
_aMcLean, Anne _etranslator |
||
| 942 |
_2ddc _cBK _n0 |
||
| 999 |
_c492681 _d492681 |
||